[Event "DEM U18w 2021"]
[Site "Willingen GER"]
[Date "2021.08.27"]
[Round "7"]
[White "Nizamova, Rita"]
[Black "Jacoby, Angelina"]
[Result "1-0"]
[Termination "normal"]
[Board "9"]
[WhiteElo "1754"]
[BlackElo "1594"]
[WhiteClock "00:39:29"]
[BlackClock "00:06:08"]
[PlyCount "105"]
[WhiteFideId "16221940"]
[BlackFideId "12999008"]
[EventCountry "GER"]
[EventRounds "9"]
[EventType "swiss"]
[EventDate "2021.08.22"]

1. e4 {[%clk 1:30:58]} d5 {[%clk 1:30:53]} 2. exd5 {[%clk 1:31:24]} Qxd5 {[%clk
1:31:14]} 3. Nc3 {[%clk 1:31:51]} Qd8 {[%clk 1:31:27]} 4. d4 {[%clk 1:32:10]}
Nf6 {[%clk 1:31:41]} 5. Bf4 {[%clk 1:32:25]} c6 {[%clk 1:30:41]} 6. Qd2 {[%clk
1:31:59]} Bf5 {[%clk 1:29:42]} 7. Nf3 {[%clk 1:30:51]} e6 {[%clk 1:28:12]} 8.
a3 {[%clk 1:30:48]} Nbd7 {[%clk 1:24:55]} 9. O-O-O {[%clk 1:30:21]} Be7 {[%clk
1:22:16]} 10. h3 {[%clk 1:29:36]} Qa5 {[%clk 1:11:34]} 11. Qe3 {[%clk 1:26:19]}
Nd5 {[%clk 1:02:22]} 12. Nxd5 {[%clk 1:24:44]} cxd5 {[%clk 0:57:35]} 13. Bd3
{[%clk 1:24:10]} Bxd3 {[%clk 0:51:42]} 14. Rxd3 {[%clk 1:22:56]} Rc8 {[%clk
0:48:55]} 15. Nd2 {[%clk 1:16:38]} b5 {[%clk 0:43:28]} 16. Nb3 {[%clk 1:12:44]}
Qb6 {[%clk 0:41:26]} 17. Qg3 {[%clk 1:11:06]} Bf6 {[%clk 0:29:25]} 18. Bd6
{[%clk 1:04:46]} g6 {[%clk 0:23:27]} 19. Nc5 {[%clk 0:53:13]} Rc6 {[%clk
0:17:54]} 20. Nxd7 {[%clk 0:53:20]} Kxd7 {[%clk 0:17:59]} 21. Bc5 {[%clk
0:53:00]} Qc7 {[%clk 0:17:39]} 22. Qf3 {[%clk 0:51:34]} Bg5+ {[%clk 0:13:04]}
23. Kb1 {[%clk 0:50:38]} Ke8 {[%clk 0:10:53]} 24. Re1 {[%clk 0:46:17]} Be7
{[%clk 0:10:00]} 25. b4 {[%clk 0:46:33]} Bxc5 {[%clk 0:06:58]} 26. dxc5 {[%clk
0:46:31]} Kf8 {[%clk 0:06:01]} 27. Qf6 {[%clk 0:45:44]} Rg8 {[%clk 0:05:34]}
28. Rf3 {[%clk 0:42:54]} Qe7 {[%clk 0:05:14]} 29. Qf4 {[%clk 0:42:23]} Kg7 30.
Qe5+ {[%clk 0:41:08]} Kf8 {[%clk 0:02:20]} 31. Qb8+ {[%clk 0:41:10]} Kg7 32.
Qxb5 {[%clk 0:41:19]} Rgc8 {[%clk 0:02:04]} 33. Qd3 {[%clk 0:40:17]} Qb7 {[%clk
0:01:21]} 34. Qd4+ {[%clk 0:38:44]} Kg8 {[%clk 0:01:27]} 35. Rb3 {[%clk
0:38:58]} Qc7 {[%clk 0:00:33]} 36. g3 {[%clk 0:37:30]} Qd8 {[%clk 0:00:37]} 37.
h4 {[%clk 0:35:36]} Qf8 {[%clk 0:00:43]} 38. g4 {[%clk 0:31:29]} Qh6 {[%clk
0:00:42]} 39. Rh1 {[%clk 0:29:24]} Qf8 {[%clk 0:00:36]} 40. Qd2 {[%clk
0:26:52]} Qg7 {[%clk 0:00:45]} 41. h5 {[%clk 0:24:19]} Qf6 {[%clk 0:20:51]} 42.
hxg6 {[%clk 0:52:46]} fxg6 {[%clk 0:13:32]} 43. Rbh3 {[%clk 0:52:10]} R8c7
{[%clk 0:13:25]} 44. Qe2 {[%clk 0:51:31]} Rb7 {[%clk 0:11:40]} 45. Ka2 {[%clk
0:50:16]} Qd4 {[%clk 0:10:13]} 46. Rd1 {[%clk 0:48:12]} Qf6 {[%clk 0:09:22]}
47. Rf3 {[%clk 0:46:38]} Qg7 {[%clk 0:09:24]} 48. g5 {[%clk 0:43:19]} Qe7
{[%clk 0:07:45]} 49. Rf6 {[%clk 0:40:24]} Rb8 {[%clk 0:07:26]} 50. Rxd5 {[%clk
0:39:17]} Qxf6 {[%clk 0:06:43]} 51. gxf6 {[%clk 0:39:39]} exd5 {[%clk 0:07:06]}
52. Qe7 {[%clk 0:39:29]} Rf8 {[%clk 0:06:08]} 53. Qg7# 1-0

[Event "DEM U18w 2021"]
[Site "Willingen GER"]
[Date "2021.08.27"]
[Round "7"]
[White "Fock, Amina"]
[Black "Zell, Hannah"]
[Result "1-0"]
[Termination "normal"]
[Board "10"]
[WhiteElo "1828"]
[BlackElo "1614"]
[WhiteClock "00:17:43"]
[BlackClock "00:00:37"]
[PlyCount "53"]
[WhiteFideId "12981982"]
[BlackFideId "16208900"]
[EventCountry "GER"]
[EventRounds "9"]
[EventType "swiss"]
[EventDate "2021.08.22"]

1. e4 {[%clk 1:30:57]} e5 {[%clk 1:30:49]} 2. Nf3 {[%clk 1:31:21]} Nc6 {[%clk
1:31:09]} 3. Bb5 {[%clk 1:31:46]} a6 {[%clk 1:31:33]} 4. Ba4 {[%clk 1:32:09]}
Nf6 {[%clk 1:31:33]} 5. d3 {[%clk 1:32:22]} d6 {[%clk 1:17:22]} 6. c3 {[%clk
1:31:26]} b5 {[%clk 1:13:12]} 7. Bc2 {[%clk 1:29:19]} Be7 {[%clk 1:11:58]} 8.
O-O {[%clk 1:29:05]} O-O {[%clk 1:11:59]} 9. Re1 {[%clk 1:28:11]} Re8 {[%clk
1:10:28]} 10. h3 {[%clk 1:23:42]} Bb7 {[%clk 1:02:15]} 11. Nbd2 {[%clk
1:19:00]} Bf8 {[%clk 1:01:23]} 12. Nf1 {[%clk 1:16:26]} g6 {[%clk 1:00:15]} 13.
N3h2 {[%clk 1:09:37]} Nh5 {[%clk 0:55:21]} 14. Ng4 {[%clk 1:01:20]} Bc8 {[%clk
0:44:16]} 15. Nh6+ {[%clk 0:52:56]} Kg7 {[%clk 0:38:54]} 16. Nf5+ {[%clk
0:38:21]} Bxf5 {[%clk 0:20:47]} 17. exf5 {[%clk 0:38:40]} Qd7 {[%clk 0:18:30]}
18. Ne3 {[%clk 0:35:31]} Ne7 {[%clk 0:12:42]} 19. fxg6 {[%clk 0:33:45]} hxg6
{[%clk 0:07:28]} 20. d4 {[%clk 0:33:08]} Rad8 {[%clk 0:06:47]} 21. Ng4 {[%clk
0:24:20]} Nc6 {[%clk 0:01:34]} 22. Bh6+ {[%clk 0:20:21]} Kg8 {[%clk 0:01:25]}
23. Bg5 {[%clk 0:20:15]} Be7 {[%clk 0:01:07]} 24. Qd2 {[%clk 0:17:54]} Bxg5
{[%clk 0:00:44]} 25. Qxg5 {[%clk 0:18:16]} Qe7 {[%clk 0:00:45]} 26. Nh6+ {[%clk
0:17:43]} Kh7 {[%clk 0:00:37]} 27. Qxh5 1-0

[Event "DEM U18w 2021"]
[Site "Willingen GER"]
[Date "2021.08.27"]
[Round "7"]
[White "Cheredzhiyska, Iva"]
[Black "Biermann, Sophie"]
[Result "1-0"]
[Termination "normal"]
[Board "11"]
[WhiteElo "1571"]
[BlackElo "1652"]
[WhiteClock "00:20:44"]
[BlackClock "00:00:31"]
[PlyCount "61"]
[WhiteFideId "16241622"]
[BlackFideId "16208960"]
[EventCountry "GER"]
[EventRounds "9"]
[EventType "swiss"]
[EventDate "2021.08.22"]

1. e4 {[%clk 1:30:35]} d5 {[%clk 1:30:52]} 2. exd5 {[%clk 1:31:01]} Qxd5 {[%clk
1:31:18]} 3. Nc3 {[%clk 1:31:24]} Qd8 {[%clk 1:31:23]} 4. d4 {[%clk 1:31:26]}
Nf6 {[%clk 1:31:37]} 5. Bc4 {[%clk 1:31:14]} g6 {[%clk 1:31:46]} 6. Nf3 {[%clk
1:29:13]} Bg7 {[%clk 1:31:09]} 7. Ne5 {[%clk 1:23:48]} O-O {[%clk 1:23:01]} 8.
Be3 {[%clk 1:14:54]} a6 {[%clk 1:06:52]} 9. f4 {[%clk 1:08:21]} Nbd7 {[%clk
1:00:53]} 10. Qf3 {[%clk 1:06:46]} Nb6 {[%clk 0:51:43]} 11. Bb3 {[%clk
1:05:28]} c6 {[%clk 0:47:15]} 12. Rd1 {[%clk 0:52:42]} Nbd5 {[%clk 0:38:52]}
13. Nxd5 {[%clk 0:51:56]} cxd5 {[%clk 0:36:26]} 14. g4 {[%clk 0:44:49]} Ne4
{[%clk 0:34:03]} 15. f5 {[%clk 0:41:38]} e6 {[%clk 0:25:09]} 16. fxg6 {[%clk
0:32:26]} fxg6 {[%clk 0:17:38]} 17. Qg2 {[%clk 0:32:42]} Qh4+ {[%clk 0:17:21]}
18. Ke2 {[%clk 0:32:50]} Bh6 {[%clk 0:12:49]} 19. Rdf1 {[%clk 0:30:46]} Rxf1
{[%clk 0:10:27]} 20. Rxf1 {[%clk 0:30:51]} Bxe3 {[%clk 0:10:18]} 21. Kxe3
{[%clk 0:30:57]} Qg5+ {[%clk 0:09:39]} 22. Kd3 {[%clk 0:27:33]} Nc5+ {[%clk
0:08:09]} 23. Ke2 {[%clk 0:27:53]} Nxb3 {[%clk 0:07:08]} 24. axb3 {[%clk
0:28:17]} h5 {[%clk 0:04:23]} 25. Qf3 {[%clk 0:27:47]} Qe7 {[%clk 0:03:35]} 26.
gxh5 {[%clk 0:26:30]} Bd7 {[%clk 0:02:29]} 27. hxg6 {[%clk 0:26:24]} Bb5+
{[%clk 0:01:26]} 28. c4 {[%clk 0:25:42]} Bc6 {[%clk 0:01:44]} 29. Qh5 {[%clk
0:21:30]} Be8 {[%clk 0:00:35]} 30. Rf8+ {[%clk 0:20:44]} Kxf8 {[%clk 0:00:31]}
31. Qh8# 1-0

[Event "DEM U18w 2021"]
[Site "Willingen GER"]
[Date "2021.08.28"]
[Round "8"]
[White "Garbuz, Nicole"]
[Black "Peglau, Sarah"]
[Result "1-0"]
[Termination "normal"]
[Board "1"]
[WhiteElo "1695"]
[BlackElo "1888"]
[WhiteClock "00:02:33"]
[BlackClock "00:42:43"]
[PlyCount "68"]
[WhiteFideId "12990701"]
[BlackFideId "16219961"]
[EventCountry "GER"]
[EventRounds "9"]
[EventType "swiss"]
[EventDate "2021.08.22"]

1. e4 {[%clk 1:30:58]} c5 {[%clk 1:30:56]} 2. d4 {[%clk 1:31:22]} cxd4 {[%clk
1:31:21]} 3. c3 {[%clk 1:31:48]} dxc3 {[%clk 1:31:48]} 4. Nxc3 {[%clk 1:32:14]}
Nc6 {[%clk 1:32:11]} 5. Nf3 {[%clk 1:32:36]} e6 {[%clk 1:32:24]} 6. Bc4 {[%clk
1:32:38]} a6 {[%clk 1:32:27]} 7. O-O {[%clk 1:32:33]} b5 {[%clk 1:32:34]} 8.
Bb3 {[%clk 1:32:57]} Bb7 {[%clk 1:32:55]} 9. Qe2 {[%clk 1:32:16]} Na5 {[%clk
1:32:32]} 10. Rd1 {[%clk 1:19:08]} Ne7 {[%clk 1:12:26]} 11. Ne5 {[%clk
0:49:32]} Nxb3 {[%clk 1:07:09]} 12. axb3 {[%clk 0:38:47]} Bc6 {[%clk 1:06:50]}
13. Qh5 {[%clk 0:30:59]} g6 {[%clk 1:04:37]} 14. Qf3 {[%clk 0:31:15]} f5 {[%clk
1:04:37]} 15. Nxc6 {[%clk 0:13:44]} Nxc6 {[%clk 1:05:05]} 16. exf5 {[%clk
0:14:01]} exf5 {[%clk 0:53:49]} 17. Re1+ {[%clk 0:12:16]} Kf7 {[%clk 0:51:33]}
18. g4 {[%clk 0:02:44]} Qf6 {[%clk 0:50:10]} 19. Qd5+ {[%clk 0:02:40]} Kg7
{[%clk 0:49:54]} 20. Qxd7+ {[%clk 0:02:38]} Kg8 {[%clk 0:48:10]} 21. Qd5+
{[%clk 0:02:51]} Kg7 {[%clk 0:48:18]} 22. Re6 {[%clk 0:02:57]} Qh4 {[%clk
0:46:33]} 23. Qxc6 {[%clk 0:02:05]} Qxg4+ {[%clk 0:46:11]} 24. Qg2 {[%clk
0:02:16]} Bb4 {[%clk 0:44:33]} 25. Qxg4 {[%clk 0:02:23]} fxg4 {[%clk 0:45:02]}
26. Rexa6 {[%clk 0:02:05]} Rae8 {[%clk 0:45:16]} 27. Be3 {[%clk 0:02:20]} Rhf8
{[%clk 0:45:01]} 28. Ra7+ {[%clk 0:02:29]} Kg8 {[%clk 0:43:34]} 29. Bh6 {[%clk
0:02:13]} Rf3 {[%clk 0:42:36]} 30. Rg7+ {[%clk 0:02:15]} Kh8 {[%clk 0:43:05]}
31. Raa7 {[%clk 0:01:46]} Bf8 {[%clk 0:42:33]} 32. Rxh7+ {[%clk 0:02:03]} Kg8
{[%clk 0:43:02]} 33. Bxf8 {[%clk 0:02:15]} Re1+ {[%clk 0:42:44]} 34. Kg2 {[%clk
0:02:33]} Rb1 {[%clk 0:42:43]} 1-0

[Event "DEM U18w 2021"]
[Site "Willingen GER"]
[Date "2021.08.28"]
[Round "8"]
[White "Bardorz, Jana"]
[Black "Müdder, Melanie"]
[Result "0-1"]
[Termination "normal"]
[Board "2"]
[WhiteElo "1883"]
[BlackElo "1959"]
[WhiteClock "00:22:16"]
[BlackClock "00:24:04"]
[PlyCount "90"]
[WhiteFideId "16208897"]
[BlackFideId "12994103"]
[EventCountry "GER"]
[EventRounds "9"]
[EventType "swiss"]
[EventDate "2021.08.22"]

1. e4 {[%clk 1:30:56]} c5 {[%clk 1:30:54]} 2. Nf3 {[%clk 1:31:19]} Nc6 {[%clk
1:31:16]} 3. d4 {[%clk 1:31:43]} cxd4 {[%clk 1:31:41]} 4. Nxd4 {[%clk 1:32:06]}
e5 {[%clk 1:32:04]} 5. Nb5 {[%clk 1:32:31]} d6 {[%clk 1:32:26]} 6. c4 {[%clk
1:32:51]} g6 {[%clk 1:31:31]} 7. N5c3 {[%clk 1:30:04]} Bg7 {[%clk 1:31:07]} 8.
Nd5 {[%clk 1:28:50]} Be6 {[%clk 1:26:11]} 9. Nbc3 {[%clk 1:28:29]} Nf6 {[%clk
1:14:23]} 10. Bg5 {[%clk 1:21:53]} h6 {[%clk 1:03:07]} 11. Bxf6 {[%clk
1:16:37]} Bxf6 {[%clk 1:03:19]} 12. Bd3 {[%clk 1:15:07]} O-O {[%clk 1:00:15]}
13. O-O {[%clk 1:14:00]} Bg7 {[%clk 0:56:57]} 14. Ne3 {[%clk 1:07:32]} f5
{[%clk 0:41:26]} 15. Kh1 {[%clk 0:54:23]} f4 {[%clk 0:34:35]} 16. Nc2 {[%clk
0:54:08]} f3 {[%clk 0:29:53]} 17. gxf3 {[%clk 0:53:11]} Qh4 {[%clk 0:28:27]}
18. Rg1 {[%clk 0:45:13]} g5 {[%clk 0:20:33]} 19. Rg3 {[%clk 0:38:34]} Rf7
{[%clk 0:17:04]} 20. Nd5 {[%clk 0:32:54]} Raf8 {[%clk 0:15:12]} 21. Be2 {[%clk
0:27:55]} Nd4 {[%clk 0:13:25]} 22. Nxd4 {[%clk 0:26:10]} exd4 {[%clk 0:13:41]}
23. Qd2 {[%clk 0:24:31]} Be5 {[%clk 0:11:31]} 24. Rag1 {[%clk 0:23:24]} Bxd5
{[%clk 0:05:19]} 25. exd5 {[%clk 0:22:22]} Rf4 {[%clk 0:04:41]} 26. R1g2 {[%clk
0:18:44]} Qh5 {[%clk 0:04:06]} 27. Rg4 {[%clk 0:17:14]} Rxg4 {[%clk 0:02:43]}
28. fxg4 {[%clk 0:17:34]} Qh4 {[%clk 0:02:13]} 29. Bd3 {[%clk 0:16:55]} Rf3
{[%clk 0:01:45]} 30. Be4 {[%clk 0:14:32]} Rh3 {[%clk 0:01:15]} 31. f3 {[%clk
0:14:20]} Bf4 {[%clk 0:01:06]} 32. Qf2 {[%clk 0:10:22]} h5 {[%clk 0:01:00]} 33.
Qxh4 {[%clk 0:08:37]} Rxh4 {[%clk 0:01:17]} 34. gxh5 {[%clk 0:07:36]} Rxh5
{[%clk 0:01:38]} 35. Bf5 {[%clk 0:03:21]} Kf7 {[%clk 0:01:13]} 36. Kg1 {[%clk
0:00:37]} Kf6 {[%clk 0:01:23]} 37. Bg4 {[%clk 0:01:04]} Rh8 {[%clk 0:01:29]}
38. h3 {[%clk 0:01:08]} d3 {[%clk 0:01:09]} 39. Kf1 {[%clk 0:01:15]} Ke5 {[%clk
0:01:19]} 40. Ke1 {[%clk 0:01:08]} Kd4 {[%clk 0:01:23]} 41. b3 {[%clk 0:28:25]}
a5 {[%clk 0:25:08]} 42. Rb2 {[%clk 0:23:41]} Kc3 {[%clk 0:23:57]} 43. Rb1
{[%clk 0:23:11]} Kc2 {[%clk 0:23:30]} 44. Ra1 {[%clk 0:22:25]} Be5 {[%clk
0:23:43]} 45. Rd1 {[%clk 0:22:16]} Bg3+ {[%clk 0:24:04]} 0-1

[Event "DEM U18w 2021"]
[Site "Willingen GER"]
[Date "2021.08.28"]
[Round "8"]
[White "Bui, Ngoc Han Julia"]
[Black "Wagner, Victoria"]
[Result "1-0"]
[Termination "normal"]
[Board "3"]
[WhiteElo "1891"]
[BlackElo "1657"]
[WhiteClock "00:43:33"]
[BlackClock "00:12:21"]
[PlyCount "49"]
[WhiteFideId "12977055"]
[BlackFideId "16232348"]
[EventCountry "GER"]
[EventRounds "9"]
[EventType "swiss"]
[EventDate "2021.08.22"]

1. Nc3 {[%clk 1:30:57]} c5 {[%clk 1:29:03]} 2. e4 {[%clk 1:31:23]} d6 {[%clk
1:28:53]} 3. Nf3 {[%clk 1:31:48]} Nf6 {[%clk 1:28:40]} 4. d4 {[%clk 1:32:01]}
cxd4 {[%clk 1:29:02]} 5. Nxd4 {[%clk 1:32:26]} a6 {[%clk 1:29:22]} 6. Bg5
{[%clk 1:32:47]} Nbd7 {[%clk 1:29:37]} 7. Qe2 {[%clk 1:31:48]} h6 {[%clk
1:22:04]} 8. Bh4 {[%clk 1:31:19]} e5 {[%clk 1:10:11]} 9. Nf5 {[%clk 1:30:30]}
g5 {[%clk 1:09:08]} 10. Bg3 {[%clk 1:30:00]} Nc5 {[%clk 1:09:19]} 11. f3 {[%clk
1:16:55]} Bxf5 {[%clk 1:05:46]} 12. exf5 {[%clk 1:17:20]} Qd7 {[%clk 0:58:36]}
13. h4 {[%clk 1:07:42]} Nh5 {[%clk 0:45:00]} 14. Bf2 {[%clk 1:06:24]} Nf4
{[%clk 0:43:00]} 15. Qd2 {[%clk 1:02:25]} d5 {[%clk 0:23:31]} 16. g3 {[%clk
0:57:37]} d4 {[%clk 0:22:12]} 17. gxf4 {[%clk 0:50:38]} dxc3 {[%clk 0:22:32]}
18. Qxc3 {[%clk 0:49:38]} Na4 {[%clk 0:17:42]} 19. Qxe5+ {[%clk 0:49:27]} Qe7
{[%clk 0:18:07]} 20. O-O-O {[%clk 0:47:57]} Qxe5 {[%clk 0:17:40]} 21. fxe5
{[%clk 0:48:25]} gxh4 {[%clk 0:17:00]} 22. Rxh4 {[%clk 0:47:51]} Bc5 {[%clk
0:13:23]} 23. Bxc5 {[%clk 0:47:32]} Nxc5 {[%clk 0:13:49]} 24. Rd5 {[%clk
0:45:04]} Rc8 {[%clk 0:12:21]} 25. Rc4 {[%clk 0:43:33]} 1-0

[Event "DEM U18w 2021"]
[Site "Willingen GER"]
[Date "2021.08.28"]
[Round "8"]
[White "Peglau, Dora"]
[Black "Schneider, Katharina"]
[Result "1-0"]
[Termination "normal"]
[Board "4"]
[WhiteElo "1906"]
[BlackElo "1738"]
[WhiteClock "00:11:28"]
[BlackClock "00:03:53"]
[PlyCount "83"]
[WhiteFideId "16220005"]
[BlackFideId "16200519"]
[EventCountry "GER"]
[EventRounds "9"]
[EventType "swiss"]
[EventDate "2021.08.22"]

1. d4 {[%clk 1:30:57]} Nf6 {[%clk 1:30:55]} 2. c4 {[%clk 1:31:21]} e5 {[%clk
1:31:23]} 3. dxe5 {[%clk 1:31:32]} Ng4 {[%clk 1:31:48]} 4. Nf3 {[%clk 1:31:35]}
Bc5 {[%clk 1:32:09]} 5. e3 {[%clk 1:31:13]} Nc6 {[%clk 1:32:26]} 6. b3 {[%clk
1:27:21]} Ngxe5 {[%clk 1:28:03]} 7. Nxe5 {[%clk 1:26:32]} Nxe5 {[%clk 1:28:28]}
8. Bb2 {[%clk 1:25:51]} d6 {[%clk 1:18:45]} 9. Be2 {[%clk 1:18:56]} Qg5 {[%clk
0:56:27]} 10. O-O {[%clk 1:12:42]} Ng4 {[%clk 0:46:24]} 11. Bd4 {[%clk
1:04:59]} h5 {[%clk 0:40:48]} 12. Nd2 {[%clk 1:01:33]} Bb6 {[%clk 0:35:41]} 13.
Nf3 {[%clk 0:51:38]} Qh6 {[%clk 0:30:07]} 14. h3 {[%clk 0:50:34]} Nf6 {[%clk
0:30:00]} 15. Qc2 {[%clk 0:50:31]} g5 {[%clk 0:26:36]} 16. Nd2 {[%clk 0:45:54]}
g4 {[%clk 0:16:28]} 17. h4 {[%clk 0:45:04]} c5 {[%clk 0:14:04]} 18. Bxf6 {[%clk
0:44:03]} Qxf6 {[%clk 0:14:30]} 19. g3 {[%clk 0:42:52]} Bf5 {[%clk 0:12:20]}
20. Bd3 {[%clk 0:42:59]} Bd7 {[%clk 0:11:11]} 21. Rad1 {[%clk 0:39:14]} O-O-O
{[%clk 0:11:11]} 22. Be4 {[%clk 0:36:51]} Qe5 {[%clk 0:08:57]} 23. Bg2 {[%clk
0:34:39]} f5 {[%clk 0:08:33]} 24. Nb1 {[%clk 0:34:02]} Ba5 {[%clk 0:07:21]} 25.
Rd5 {[%clk 0:30:08]} Qf6 {[%clk 0:07:14]} 26. Rfd1 {[%clk 0:30:13]} Rh6 {[%clk
0:06:03]} 27. Qd3 {[%clk 0:27:27]} Kc7 {[%clk 0:04:14]} 28. a3 {[%clk 0:17:19]}
b6 {[%clk 0:03:08]} 29. Qc2 {[%clk 0:16:24]} Be6 {[%clk 0:03:11]} 30. R5d3
{[%clk 0:15:56]} Rh7 {[%clk 0:03:08]} 31. Qa2 {[%clk 0:12:34]} b5 {[%clk
0:01:55]} 32. cxb5 {[%clk 0:11:43]} Rhd7 {[%clk 0:01:45]} 33. Bd5 {[%clk
0:09:51]} Bxd5 {[%clk 0:01:41]} 34. Rxd5 {[%clk 0:10:20]} Kb6 {[%clk 0:01:58]}
35. b4 {[%clk 0:10:09]} cxb4 {[%clk 0:02:10]} 36. axb4 {[%clk 0:10:25]} Bxb4
{[%clk 0:02:07]} 37. Qa6+ {[%clk 0:10:33]} Kc7 {[%clk 0:02:32]} 38. Qxa7+
{[%clk 0:10:28]} Kc8 {[%clk 0:02:57]} 39. Rc1+ {[%clk 0:10:29]} Bc5 {[%clk
0:03:20]} 40. Rcxc5+ {[%clk 0:10:42]} dxc5 {[%clk 0:03:36]} 41. Rxc5+ {[%clk
0:11:04]} Rc7 {[%clk 0:03:53]} 42. Qxc7# {[%clk 0:11:28]} 1-0

[Event "DEM U18w 2021"]
[Site "Willingen GER"]
[Date "2021.08.28"]
[Round "8"]
[White "Basovskiy, Jana"]
[Black "Nizamova, Rita"]
[Result "1-0"]
[Termination "normal"]
[Board "5"]
[WhiteElo "1784"]
[BlackElo "1754"]
[WhiteClock "00:13:51"]
[BlackClock "00:13:44"]
[PlyCount "61"]
[WhiteFideId "16208617"]
[BlackFideId "16221940"]
[EventCountry "GER"]
[EventRounds "9"]
[EventType "swiss"]
[EventDate "2021.08.22"]

1. e4 {[%clk 1:30:58]} e5 {[%clk 1:30:56]} 2. Nf3 {[%clk 1:31:24]} Nc6 {[%clk
1:31:23]} 3. Bb5 {[%clk 1:31:49]} f5 {[%clk 1:31:48]} 4. Nc3 {[%clk 1:32:09]}
fxe4 {[%clk 1:32:11]} 5. Nxe4 {[%clk 1:32:32]} d5 {[%clk 1:32:29]} 6. Nxe5
{[%clk 1:32:43]} dxe4 {[%clk 1:32:53]} 7. Nxc6 {[%clk 1:33:08]} Qg5 {[%clk
1:33:10]} 8. Qe2 {[%clk 1:33:21]} Nf6 {[%clk 1:33:36]} 9. Nxa7+ {[%clk
1:32:57]} Kd8 {[%clk 1:29:48]} 10. Nxc8 {[%clk 1:11:55]} Kxc8 {[%clk 1:14:06]}
11. g3 {[%clk 1:05:12]} Bd6 {[%clk 0:57:35]} 12. Bc4 {[%clk 0:45:14]} h5 {[%clk
0:38:26]} 13. d4 {[%clk 0:41:23]} Qf5 {[%clk 0:36:14]} 14. Be3 {[%clk 0:39:16]}
h4 {[%clk 0:29:30]} 15. O-O-O {[%clk 0:39:18]} h3 {[%clk 0:29:43]} 16. Bb3
{[%clk 0:36:01]} c6 {[%clk 0:25:14]} 17. Kb1 {[%clk 0:33:13]} Rf8 {[%clk
0:22:12]} 18. d5 {[%clk 0:29:15]} cxd5 {[%clk 0:20:42]} 19. Bxd5 {[%clk
0:24:14]} Nxd5 {[%clk 0:18:25]} 20. Qc4+ {[%clk 0:21:50]} Nc7 {[%clk 0:17:38]}
21. Rxd6 {[%clk 0:22:10]} Qe5 {[%clk 0:15:31]} 22. Rhd1 {[%clk 0:21:36]} Ra6
{[%clk 0:13:05]} 23. Rxa6 {[%clk 0:15:50]} bxa6 {[%clk 0:13:28]} 24. Bf4 {[%clk
0:15:57]} Rxf4 {[%clk 0:12:59]} 25. gxf4 {[%clk 0:13:59]} Qxf4 {[%clk 0:13:27]}
26. Qg8+ Kb7 {[%clk 0:13:44]} 27. Qb3+ {[%clk 0:14:40]} Kc8 {[%clk 0:13:33]}
28. Qxh3+ {[%clk 0:15:03]} Kb7 {[%clk 0:13:49]} 29. Qg3 {[%clk 0:14:29]} Qf6
{[%clk 0:13:36]} 30. Rd7 {[%clk 0:13:38]} Qc6 {[%clk 0:13:44]} 31. Rxc7+ {[%clk
0:13:51]} 1-0

[Event "DEM U18w 2021"]
[Site "Willingen GER"]
[Date "2021.08.28"]
[Round "8"]
[White "Fock, Amina"]
[Black "Stowicek, Yara Mathilda"]
[Result "1-0"]
[Termination "normal"]
[Board "6"]
[WhiteElo "1828"]
[BlackElo "1823"]
[WhiteClock "00:08:12"]
[BlackClock "00:30:29"]
[PlyCount "52"]
[WhiteFideId "12981982"]
[BlackFideId "16203569"]
[EventCountry "GER"]
[EventRounds "9"]
[EventType "swiss"]
[EventDate "2021.08.22"]

1. e4 {[%clk 1:30:57]} e5 {[%clk 1:30:54]} 2. Nf3 {[%clk 1:31:22]} Nc6 {[%clk
1:31:20]} 3. Nc3 {[%clk 1:31:46]} Nf6 {[%clk 1:31:02]} 4. Be2 {[%clk 1:31:55]}
d6 {[%clk 1:25:34]} 5. d4 {[%clk 1:29:27]} exd4 {[%clk 1:21:22]} 6. Nxd4 {[%clk
1:29:46]} Be7 {[%clk 1:19:39]} 7. f4 {[%clk 1:27:13]} O-O {[%clk 1:09:11]} 8.
Nxc6 {[%clk 1:24:09]} bxc6 {[%clk 1:09:30]} 9. O-O {[%clk 1:22:58]} d5 {[%clk
1:06:51]} 10. e5 {[%clk 1:18:35]} Bc5+ {[%clk 1:05:17]} 11. Kh1 {[%clk
1:18:49]} Nd7 {[%clk 1:04:34]} 12. Bd3 {[%clk 1:14:41]} Re8 {[%clk 0:57:14]}
13. Na4 {[%clk 1:05:15]} Bf8 {[%clk 0:51:48]} 14. Qh5 {[%clk 0:53:54]} g6
{[%clk 0:50:30]} 15. Qf3 {[%clk 0:53:51]} f6 {[%clk 0:34:13]} 16. e6 {[%clk
0:48:46]} Rxe6 {[%clk 0:32:38]} 17. f5 {[%clk 0:46:19]} Ne5 {[%clk 0:30:43]}
18. Qg3 {[%clk 0:44:53]} Re7 {[%clk 0:27:10]} 19. fxg6 {[%clk 0:42:56]} hxg6
{[%clk 0:27:24]} 20. Bf4 {[%clk 0:37:40]} Rg7 {[%clk 0:10:15]} 21. Bxe5 {[%clk
0:34:38]} fxe5 {[%clk 0:10:25]} 22. Bxg6 {[%clk 0:32:13]} Bd6 {[%clk 0:07:08]}
23. Qf2 {[%clk 0:11:55]} Ba6 {[%clk 0:04:43]} 24. Bd3 {[%clk 0:10:04]} Bxd3
{[%clk 0:02:31]} 25. cxd3 {[%clk 0:10:30]} Qg5 {[%clk 0:00:32]} 26. g3 {[%clk
0:08:12]} Qg6 {[%clk 0:30:29]} 1-0